Generic access rights delegation framework for collaborative environment (Record no. 13386)

000 -LEADER
fixed length control field 00486nam a22001337a 4500
082 ## - DEWEY DECIMAL CLASSIFICATION NUMBER
Classification number MSCCS-5 ALI
100 ## - MAIN ENTRY--PERSONAL NAME
Personal name Amir Ali
9 (RLIN) 98347
245 ## - TITLE STATEMENT
Title Generic access rights delegation framework for collaborative environment
260 ## - PUBLICATION, DISTRIBUTION, ETC.
Place of publication, distribution, etc. Islamabad
Name of publisher, distributor, etc. NUST-SEECS
Date of publication, distribution, etc. 2015
300 ## - PHYSICAL DESCRIPTION
Extent 69p.
Other physical details ill.;
Accompanying material CD-ROM
500 ## - GENERAL NOTE
General note Supervisors:Dr. Muhammad Awais Shibli, Dr. Shahzad Saleem, Ms. Hirra Anwar, Ms. Ayesha Kanwal
856 ## - ELECTRONIC LOCATION AND ACCESS
Uniform Resource Identifier <a href="http://10.250.8.41:8080/xmlui/handle/123456789/6647">http://10.250.8.41:8080/xmlui/handle/123456789/6647</a>
942 ## - ADDED ENTRY ELEMENTS (KOHA)
Koha item type Project Report
Source of classification or shelving scheme
Holdings
Withdrawn status Lost status Damaged status Not for loan Collection code Permanent Location Current Location Shelving location Date acquired Total Checkouts Full call number Barcode Date last seen Price effective from Koha item type Source of classification or shelving scheme
          Central Library (CL) Central Library (CL) Reference 12/14/2015   MSCCS-5 ALI SEECSP01804 12/14/2015 12/14/2015 Project Report  
          Central Library (CL) Central Library (CL) Thesis 12/26/2019   005 MSCCS-5 ALI CL-T-4419 12/26/2019 12/26/2019 Thesis  
          Central Library (CL) Central Library (CL) Thesis 01/01/2020   005 MSCCS-5 ALI CL-T-4484 01/01/2020 01/01/2020 Thesis  
© 2023 Central Library, National University of Sciences and Technology. All Rights Reserved.